[Event "World Senior chT-50 2019"]
[Site "Rhodes"]
[Date "2019.04.20"]
[Round "5.7"]
[White "Plaskett, H James"]
[Black "Barron, Michael"]
[Result "1/2-1/2"]
[WhiteElo "2437"]
[BlackElo "2124"]
[Annotator "NA"]
[PlyCount "41"]
[EventDate "2019.04.16"]
[EventType "team-tourn"]
[EventCountry "GRE"]
[SourceTitle "playchess.com"]
[Source "ChessBase"]
[SourceQuality "1"]
[WhiteTeam "England"]
[BlackTeam "Canada"]
[WhiteTeamCountry "ENG"]
[BlackTeamCountry "CAN"]
[TimeControl "40/5400+30:1800+30"]

1. d4 {[%emt 0:01:25]} f5 {[%emt 0:00:00]} 2. Nc3 {[%emt 0:00:34]} Nf6 {[%emt 0:00:00]} 3. Bg5 {[%emt 0:00:05]} d5 {[%emt 0:00:13]} 4. Bxf6 {[%emt 0:00:03]} exf6 {[%emt 0:00:07]} 5. e3 {[%emt 0:00:03]} Be6 {[%emt 0:01:53]} 6. Bd3 {[%emt 0:00:13]} Nc6 {[%emt 0:00:08]} 7. Qf3 {[%emt 0:01:04]} Qd7 {[%emt 0:00:08]} 8. a3 {[%emt 0:01:19]} O-O-O {[%emt 0:10:17]} 9. O-O-O {[%emt 0:03:39]} g6 {[%emt 0:07:31]} 10. Nge2 {[%emt 0:01:58]} Kb8 {[%emt 0:07:36]} 11. Nf4 {[%emt 0:01:02]} Bf7 {[%emt 0:03:41]} 12. h3 {[%emt 0:01:21]} h5 {[%emt 0:00:59]} 13. h4 {[%emt 0:08:07]} Ne7 {[%emt 0:00:36]} 14. g3 {[%emt 0:18:34]} Nc8 {[%emt 0:00:27]} 15. Qg2 {[%emt 0:00:54]} c6 {[%emt 0:00:41]} 16. f3 {[%emt 0:00:07]} Bh6 {[%emt 0:01:24]} 17. Kb1 {[%emt 0:00:30]} Nd6 {[%emt 0:02:48]} 18. Rhe1 {[%emt 0:06:31]} Rhe8 {[%emt 0:02:24]} 19. Qf2 {[%emt 0:00:58]} Re7 {[%emt 0:02:50]} 20. Bf1 {[%emt 0:11:38]} Rde8 {[%emt 0:00:35]} 21. b3 {[%emt 0:02:41]} 1/2-1/2

[Event "World Senior chT-50 2019"]
[Site "Rhodes"]
[Date "2019.04.20"]
[Round "5.8"]
[White "Chernik, Dmitry"]
[Black "Ward, Chris G"]
[Result "0-1"]
[WhiteElo "1868"]
[BlackElo "2425"]
[Annotator "NA"]
[PlyCount "84"]
[EventDate "2019.04.16"]
[EventType "team-tourn"]
[EventCountry "GRE"]
[SourceTitle "playchess.com"]
[Source "ChessBase"]
[SourceQuality "1"]
[WhiteTeam "Canada"]
[BlackTeam "England"]
[WhiteTeamCountry "CAN"]
[BlackTeamCountry "ENG"]
[TimeControl "40/5400+30:1800+30"]

1. e4 {[%emt 0:00:00]} c5 {[%emt 0:00:00]} 2. Nc3 {[%emt 0:00:00]} g6 {[%emt 0:00:00]} 3. f4 {[%emt 0:00:00]} Bg7 {[%emt 0:00:00]} 4. Nf3 {[%emt 0:00:04]} a6 {[%emt 0:00:00]} 5. a4 {[%emt 0:00:12]} Nc6 {[%emt 0:00:30]} 6. Bc4 {[%emt 0:00:18]} e6 {[%emt 0:00:57]} 7. O-O {[%emt 0:01:47]} Nge7 {[%emt 0:00:46]} 8. e5 {[%emt 0:05:51]} d6 {[%emt 0:22:17]} 9. exd6 {[%emt 0:06:38]} Nf5 {[%emt 0:02:55]} 10. Ne4 {[%emt 0:08:57]} Nxd6 {[%emt 0:06:55]} 11. Nxd6+ {[%emt 0:00:00]} Qxd6 {[%emt 0:00:05]} 12. d3 {[%emt 0:00:00]} O-O {[%emt 0:11:15]} 13. Qe1 {[%emt 0:00:00]} b6 {[%emt 0:02:40]} 14. c3 {[%emt 0:00:00]} Bb7 {[%emt 0:03:27]} 15. Qh4 {[%emt 0:00:00]} Na5 {[%emt 0:04:49]} 16. f5 {[%emt 0:06:42]} exf5 {[%emt 0:05:45]} 17. Bh6 {[%emt 0:04:27]} Nxc4 {[%emt 0:09:56]} 18. dxc4 {[%emt 0:03:10]} Bxh6 {[%emt 0:05:15]} 19. Qxh6 {[%emt 0:00:22]} Qf6 {[%emt 0:00:57]} 20. Rad1 {[%emt 0:05:34]} Rad8 {[%emt 0:03:09]} 21. Rxd8 {[%emt 0:00:53]} Rxd8 {[%emt 0:00:16]} 22. Ng5 {[%emt 0:02:29]} Qg7 {[%emt 0:01:40]} 23. Qh4 {[%emt 0:00:08]} Re8 {[%emt 0:02:30]} 24. Rd1 {[%emt 0:03:33]} h6 {[%emt 0:01:35]} 25. Nf3 {[%emt 0:00:34]} Bxf3 {[%emt 0:02:26]} 26. gxf3 {[%emt 0:00:11]} Qe5 {[%emt 0:02:26]} 27. Rd8 {[%emt 0:03:00]} Qe3+ {[%emt 0:00:33]} 28. Kg2 {[%emt 0:00:18]} Qe2+ {[%emt 0:00:37]} 29. Kg1 {[%emt 0:00:10]} Kg7 {[%emt 0:01:06]} 30. b4 {[%emt 0:01:57]} Qe3+ {[%emt 0:04:37]} 31. Kg2 {[%emt 0:00:35]} Rxd8 {[%emt 0:01:43]} 32. Qxd8 {[%emt 0:00:13]} Qe2+ {[%emt 0:00:16]} 33. Kg3 {[%emt 0:00:41]} f4+ {[%emt 0:00:52]} 34. Kxf4 {[%emt 0:00:16]} Qxc4+ {[%emt 0:00:11]} 35. Kg3 {[%emt 0:00:37]} cxb4 {[%emt 0:00:29]} 36. cxb4 {[%emt 0:01:20]} Qxb4 {[%emt 0:00:03]} 37. Qd7 {[%emt 0:01:03]} b5 {[%emt 0:00:57]} 38. a5 {[%emt 0:00:16]} Qxa5 {[%emt 0:00:42]} 39. Qd4+ {[%emt 0:01:10]} Kh7 {[%emt 0:00:16]} 40. h4 {[%emt 0:00:00]} Qe1+ 41. Kh3 {[%emt 0:04:04]} a5 {[%emt 0:01:46]} 42. f4 {[%emt 0:00:18]} b4 {[%emt 0:02:26]} 0-1

[Event "World Senior chT-50 2019"]
[Site "Rhodes"]
[Date "2019.04.20"]
[Round "5.9"]
[White "Vaganian, Rafael A"]
[Black "Boensch, Uwe"]
[Result "1-0"]
[WhiteElo "2535"]
[BlackElo "2525"]
[Annotator "ChessBase"]
[PlyCount "101"]
[EventDate "2019.04.16"]
[EventType "team-tourn"]
[EventCountry "GRE"]
[SourceTitle "playchess.com"]
[Source "ChessBase"]
[SourceQuality "1"]
[WhiteTeam "Armenia"]
[BlackTeam "Germany"]
[WhiteTeamCountry "ARM"]
[BlackTeamCountry "GER"]
[TimeControl "40/5400+30:1800+30"]

1. d4 {[%emt 0:00:00]} Nf6 {[%emt 0:00:00]} 2. c4 {[%emt 0:00:25]} e6 {[%emt 0:00:00]} 3. Nc3 {[%emt 0:00:03]} d5 {[%emt 0:00:00]} 4. cxd5 {[%emt 0:00:12]} exd5 {[%emt 0:00:00]} 5. Bg5 {[%emt 0:00:05]} c6 {[%emt 0:00:02]} 6. Qc2 {[%emt 0:04:29]} Be7 {[%emt 0:00:53]} 7. e3 {[%emt 0:00:04]} Nbd7 {[%emt 0:00:07]} 8. Bd3 {[%emt 0:03:49]} O-O {[%emt 0:03:41]} 9. Nf3 {[%emt 0:00:00]} Re8 {[%emt 0:00:15]} 10. O-O {[%emt 0:00:00]} Nf8 {[%emt 0:00:04]} 11. Bxf6 {[%emt 0:00:00]} Bxf6 {[%emt 0:00:02]} 12. b4 {[%emt 0:00:00]} a6 {[%emt 0:00:09]} 13. a4 {[%emt 0:00:00]} Be7 {[%emt 0:00:35]} 14. b5 {[%emt 0:00:04]} a5 {[%emt 0:00:09]} 15. bxc6 {[%emt 0:02:41]} bxc6 {[%emt 0:00:27]} 16. Ne2 {[%emt 0:00:03]} Bd7 {[%emt 0:07:33]} 17. Bf5 {[%emt 0:01:06]} Bd6 {[%emt 0:08:34]} 18. Bxd7 {[%emt 0:01:57]} Qxd7 {[%emt 0:00:12]} 19. Nc1 {[%emt 0:00:04]} Rec8 {[%emt 0:06:06]} 20. Nd3 {[%emt 0:02:17]} Ne6 {[%emt 0:14:23]} 21. Rfd1 {[%emt 0:05:56]} c5 {[%emt 0:07:22]} 22. dxc5 {[%emt 0:01:49]} Nxc5 {[%emt 0:02:18]} 23. Nxc5 {[%emt 0:05:26]} Rxc5 {[%emt 0:00:15]} 24. Qa2 {[%emt 0:00:27]} Rac8 {[%emt 0:01:25]} 25. g3 {[%emt 0:00:45]} Qf5 {[%emt 0:01:57]} 26. Nd4 {[%emt 0:01:57]} Qe4 {[%emt 0:04:06]} 27. Qd2 {[%emt 0:09:51]} Be5 {[%emt 0:20:23]} 28. Rab1 {[%emt 0:01:00]} Bxd4 {[%emt 0:00:28]} 29. Qxd4 {[%emt 0:00:04]} Qxd4 {[%emt 0:09:48]} 30. Rxd4 {[%emt 0:00:38]} g6 {[%emt 0:02:46]} 31. Rb7 {[%emt 0:01:08]} Kg7 {[%emt 0:03:04]} 32. Rd7 {[%emt 0:00:50]} Rc4 {[%emt 0:03:53]} 33. R7xd5 {[%emt 0:01:38]} Rxd4 {[%emt 0:00:01]} 34. Rxd4 {[%emt 0:00:13]} Rc1+ {[%emt 0:00:15]} 35. Kg2 {[%emt 0:00:06]} Ra1 {[%emt 0:00:02]} 36. g4 {[%emt 0:00:05]} h6 {[%emt 0:01:34]} 37. h4 {[%emt 0:01:02]} Kf6 {[%emt 0:01:17]} 38. f4 {[%emt 0:05:20]} Ke6 {[%emt 0:01:44]} 39. Re4+ {[%emt 0:02:09]} Kd6 {[%emt 0:01:02]} 40. h5 {[%emt 0:00:00]} gxh5 {[%emt 0:00:00]} 41. gxh5 {[%emt 0:00:37]} f6 {[%emt 0:15:29]} 42. f5 {[%emt 0:17:22]} Kd5 {[%emt 0:00:28]} 43. Re6 {[%emt 0:00:08]} Rxa4 {[%emt 0:00:06]} 44. Kf3 {[%emt 0:00:05]} Rh4 {[%emt 0:08:19]} 45. e4+ {[%emt 0:00:17]} Kc5 {[%emt 0:00:07]} 46. Rxf6 {[%emt 0:00:05]} Rxh5 {[%emt 0:00:55]} 47. Ra6 {[%emt 0:00:52]} Rh3+ {[%emt 0:00:00]} 48. Kf4 {[%emt 0:00:54]} Kb5 {[%emt 0:01:10]} 49. Ra8 {[%emt 0:00:16]} Rh1 {[%emt 0:00:36]} 50. f6 {[%emt 0:00:53]} Rf1+ {[%emt 0:01:04]} 51. Ke5 {[%emt 0:00:07]} 1-0

[Event "World Senior chT-50 2019"]
[Site "Rhodes"]
[Date "2019.04.20"]
[Round "5.10"]
[White "Tischbierek, Raj"]
[Black "Minasian, Artashes"]
[Result "0-1"]
[WhiteElo "2435"]
[BlackElo "2472"]
[Annotator "ChessBase"]
[PlyCount "62"]
[EventDate "2019.04.16"]
[EventType "team-tourn"]
[EventCountry "GRE"]
[SourceTitle "playchess.com"]
[Source "ChessBase"]
[SourceQuality "1"]
[WhiteTeam "Germany"]
[BlackTeam "Armenia"]
[WhiteTeamCountry "GER"]
[BlackTeamCountry "ARM"]
[TimeControl "40/5400+30:1800+30"]

1. e4 {[%emt 0:00:00]} e6 {[%emt 0:00:00]} 2. d4 {[%emt 0:00:04]} d5 {[%emt 0:00:00]} 3. Nc3 {[%emt 0:00:05]} Nf6 {[%emt 0:00:02]} 4. Bg5 {[%emt 0:01:34]} Bb4 {[%emt 0:00:23]} 5. exd5 {[%emt 0:00:59]} Qxd5 {[%emt 0:01:25]} 6. Bxf6 {[%emt 0:00:06]} gxf6 {[%emt 0:01:34]} 7. Nge2 {[%emt 0:03:21]} Nc6 {[%emt 0:02:27]} 8. Qd2 {[%emt 0:16:35]} Bxc3 {[%emt 0:06:37]} 9. Qxc3 {[%emt 0:05:12]} Bd7 {[%emt 0:02:25]} 10. Qb3 {[%emt 0:03:57]} Qa5+ {[%emt 0:03:12]} 11. c3 {[%emt 0:01:22]} O-O-O {[%emt 0:06:49]} 12. O-O-O {[%emt 0:15:43]} h5 {[%emt 0:01:30]} 13. g3 {[%emt 0:08:10]} Qf5 {[%emt 0:16:26]} 14. f4 {[%emt 0:14:13]} Qe4 {[%emt 0:02:12]} 15. Rg1 {[%emt 0:00:36]} Qe3+ {[%emt 0:10:02]} 16. Kb1 {[%emt 0:12:06]} e5 {[%emt 0:01:17]} 17. d5 {[%emt 0:04:40]} Ne7 {[%emt 0:07:22]} 18. c4 {[%emt 0:02:06]} Bf5+ {[%emt 0:01:02]} 19. Ka1 {[%emt 0:00:10]} Qxb3 {[%emt 0:00:55]} 20. axb3 {[%emt 0:00:02]} Rd6 {[%emt 0:01:19]} 21. Nc3 {[%emt 0:03:15]} Ra6+ {[%emt 0:00:33]} 22. Na4 {[%emt 0:05:03]} Bc2 {[%emt 0:00:11]} 23. Rd3 {[%emt 0:00:21]} Bxd3 {[%emt 0:04:00]} 24. Bxd3 {[%emt 0:00:04]} b5 {[%emt 0:00:40]} 25. cxb5 {[%emt 0:00:30]} Rd6 {[%emt 0:00:09]} 26. Rf1 {[%emt 0:01:28]} Rf8 {[%emt 0:02:25]} 27. Nc3 {[%emt 0:00:45]} Nxd5 {[%emt 0:01:07]} 28. Ne4 {[%emt 0:00:43]} Rdd8 {[%emt 0:00:13]} 29. Nc5 {[%emt 0:00:43]} Ne3 {[%emt 0:03:47]} 30. Rf3 {[%emt 0:00:02]} Rxd3 {[%emt 0:00:15]} 31. Nxd3 {[%emt 0:00:10]} Nc2+ {[%emt 0:00:04]} 0-1

[Event "World Senior chT-50 2019"]
[Site "Rhodes"]
[Date "2019.04.20"]
[Round "5.11"]
[White "Movsziszian, Karen"]
[Black "Brendel, Oliver"]
[Result "1-0"]
[WhiteElo "2485"]
[BlackElo "2339"]
[Annotator "ChessBase"]
[PlyCount "75"]
[EventDate "2019.04.16"]
[EventType "team-tourn"]
[EventCountry "GRE"]
[SourceTitle "playchess.com"]
[Source "ChessBase"]
[SourceQuality "1"]
[WhiteTeam "Armenia"]
[BlackTeam "Germany"]
[WhiteTeamCountry "ARM"]
[BlackTeamCountry "GER"]
[TimeControl "40/5400+30:1800+30"]

1. d3 {[%emt 0:00:00]} g6 {[%emt 0:00:17]} 2. e4 {[%emt 0:00:00]} c5 {[%emt 0:00:41]} 3. f4 {[%emt 0:00:13]} Bg7 {[%emt 0:00:19]} 4. Nf3 {[%emt 0:00:06]} Nc6 {[%emt 0:00:41]} 5. Be2 {[%emt 0:02:56]} d6 {[%emt 0:01:59]} 6. O-O {[%emt 0:01:51]} Nf6 {[%emt 0:00:39]} 7. Kh1 {[%emt 0:01:46]} O-O {[%emt 0:01:56]} 8. Qe1 {[%emt 0:00:27]} Bg4 {[%emt 0:10:28]} 9. Na3 {[%emt 0:17:37]} Qd7 {[%emt 0:07:13]} 10. c3 {[%emt 0:01:27]} Rab8 {[%emt 0:04:44]} 11. h3 {[%emt 0:16:14]} Bxf3 {[%emt 0:00:09]} 12. Bxf3 {[%emt 0:00:19]} b5 {[%emt 0:04:22]} 13. Be3 {[%emt 0:02:36]} b4 {[%emt 0:07:29]} 14. Nc4 {[%emt 0:00:06]} bxc3 {[%emt 0:00:37]} 15. bxc3 {[%emt 0:00:02]} d5 {[%emt 0:16:21]} 16. Ne5 {[%emt 0:03:17]} Nxe5 {[%emt 0:00:10]} 17. fxe5 {[%emt 0:00:03]} dxe4 {[%emt 0:01:39]} 18. exf6 {[%emt 0:05:57]} exf3 {[%emt 0:00:08]} 19. fxg7 {[%emt 0:00:03]} fxg2+ {[%emt 0:00:11]} 20. Kxg2 {[%emt 0:00:02]} Rb2+ {[%emt 0:03:11]} 21. Bf2 {[%emt 0:02:08]} Rd8 {[%emt 0:02:06]} 22. Qe4 {[%emt 0:13:43]} Qxd3 {[%emt 0:04:51]} 23. Qxe7 {[%emt 0:05:40]} Kxg7 {[%emt 0:08:02]} 24. Qxc5 {[%emt 0:02:32]} Rd5 {[%emt 0:01:09]} 25. Qe7 {[%emt 0:00:52]} Rf5 {[%emt 0:02:52]} 26. Kg1 {[%emt 0:05:13]} h6 {[%emt 0:08:20]} 27. Bd4+ {[%emt 0:01:18]} Kh7 {[%emt 0:00:09]} 28. Qe3 {[%emt 0:05:06]} Rg5+ {[%emt 0:10:44]} 29. Kh1 {[%emt 0:00:02]} Qc4 {[%emt 0:00:40]} 30. Qe4 {[%emt 0:08:55]} Rg3 {[%emt 0:01:32]} 31. Rf3 {[%emt 0:01:18]} Rgg2 {[%emt 0:00:16]} 32. Qe5 {[%emt 0:01:05]} Rh2+ {[%emt 0:00:56]} 33. Qxh2 {[%emt 0:00:05]} Rxh2+ {[%emt 0:00:06]} 34. Kxh2 {[%emt 0:00:04]} f5 {[%emt 0:01:12]} 35. Re1 {[%emt 0:00:37]} Qxa2+ {[%emt 0:00:35]} 36. Kg1 {[%emt 0:00:34]} Qa3 {[%emt 0:00:26]} 37. Re8 {[%emt 0:01:15]} Qc1+ {[%emt 0:00:41]} 38. Rf1 {[%emt 0:01:10]} 1-0

[Event "World Senior chT-50 2019"]
[Site "Rhodes"]
[Date "2019.04.20"]
[Round "5.12"]
[White "Maier, Christian"]
[Black "Kalantaryan, Norayr"]
[Result "0-1"]
[WhiteElo "2325"]
[BlackElo "2377"]
[Annotator "NA"]
[PlyCount "98"]
[EventDate "2019.04.16"]
[EventType "team-tourn"]
[EventCountry "GRE"]
[SourceTitle "playchess.com"]
[Source "ChessBase"]
[SourceQuality "1"]
[WhiteTeam "Germany"]
[BlackTeam "Armenia"]
[WhiteTeamCountry "GER"]
[BlackTeamCountry "ARM"]
[TimeControl "40/5400+30:1800+30"]

1. d4 {[%emt 0:00:00]} Nc6 {[%emt 0:00:00]} 2. Nf3 {[%emt 0:00:13]} d6 {[%emt 0:00:00]} 3. c4 {[%emt 0:02:32]} e5 {[%emt 0:00:00]} 4. Nc3 {[%emt 0:00:21]} Nf6 {[%emt 0:00:00]} 5. d5 {[%emt 0:04:03]} Ne7 {[%emt 0:00:00]} 6. e4 {[%emt 0:00:56]} Ng6 {[%emt 0:00:02]} 7. Be2 {[%emt 0:00:28]} Be7 {[%emt 0:00:07]} 8. h3 {[%emt 0:05:02]} O-O {[%emt 0:00:17]} 9. Be3 {[%emt 0:00:48]} Ne8 {[%emt 0:02:43]} 10. Bd3 {[%emt 0:04:28]} Nh4 {[%emt 0:12:18]} 11. Nxh4 {[%emt 0:00:28]} Bxh4 {[%emt 0:00:07]} 12. Qd2 {[%emt 0:00:15]} c5 {[%emt 0:17:39]} 13. O-O-O {[%emt 0:02:03]} a6 {[%emt 0:03:40]} 14. g3 {[%emt 0:00:43]} Bf6 {[%emt 0:01:21]} 15. f4 $14 {[%emt 0:01:21]} Nc7 {[%emt 0:01:53]} 16. f5 {[%emt 0:10:46]} b5 {[%emt 0:00:04]} 17. h4 {[%emt 0:00:10]} bxc4 {[%emt 0:00:34]} 18. Bxc4 {[%emt 0:01:35]} Nb5 {[%emt 0:00:06]} 19. Kb1 {[%emt 0:15:30]} Rb8 {[%emt 0:10:32]} 20. Ka1 {[%emt 0:00:12]} Nxc3 {[%emt 0:03:17]} 21. Qxc3 {[%emt 0:00:20]} Bxf5 {[%emt 0:01:14]} 22. Qc2 {[%emt 0:14:03]} Bd7 {[%emt 0:07:37]} 23. Bxa6 {[%emt 0:02:51]} Bb5 {[%emt 0:07:42]} 24. Bxb5 {[%emt 0:00:34]} Rxb5 {[%emt 0:00:04]} 25. g4 {[%emt 0:01:48]} Qa5 {[%emt 0:02:17]} 26. Bd2 {[%emt 0:02:37]} Qa6 {[%emt 0:00:25]} 27. g5 {[%emt 0:00:06]} Ra8 {[%emt 0:00:17]} 28. Qc4 {[%emt 0:01:09]} Bd8 {[%emt 0:00:05]} 29. Rh3 {[%emt 0:06:19]} Qb7 {[%emt 0:00:24]} 30. Rb1 {[%emt 0:03:28]} Rb8 {[%emt 0:05:22]} 31. Qc2 {[%emt 0:08:14]} Ba5 {[%emt 0:00:32]} 32. Ra3 {[%emt 0:00:13]} Bxd2 {[%emt 0:04:37]} 33. Qxd2 {[%emt 0:00:06]} Rb4 {[%emt 0:03:58]} 34. Qc2 {[%emt 0:01:02]} Rd4 {[%emt 0:00:37]} 35. Ra4 {[%emt 0:01:50]} Qb5 {[%emt 0:03:31]} 36. b3 {[%emt 0:00:37]} g6 {[%emt 0:04:50]} 37. Rxd4 {[%emt 0:05:17]} exd4 {[%emt 0:00:08]} 38. Rd1 {[%emt 0:03:52]} Qe8 {[%emt 0:01:55]} 39. Qd3 {[%emt 0:00:23]} Qe5 {[%emt 0:00:18]} 40. a4 {[%emt 0:00:00]} Qh2 {[%emt 0:00:00]} 41. Rf1 {[%emt 0:07:26]} Qxh4 {[%emt 0:03:07]} 42. Qf3 {[%emt 0:00:27]} Rf8 {[%emt 0:00:05]} 43. e5 {[%emt 0:00:07]} dxe5 {[%emt 0:04:01]} 44. Qf6 {[%emt 0:00:27]} Qh3 {[%emt 0:02:00]} 45. Rf3 {[%emt 0:00:10]} Qh1+ {[%emt 0:00:13]} 46. Ka2 {[%emt 0:00:05]} Qg2+ {[%emt 0:00:35]} 47. Ka3 {[%emt 0:00:11]} e4 {[%emt 0:00:09]} 48. Rf2 {[%emt 0:00:51]} Qh3 {[%emt 0:07:05]} 49. Ka2 {[%emt 0:02:33]} e3 {[%emt 0:00:26]} 0-1

[Event "World Senior chT-50 2019"]
[Site "Rhodes"]
[Date "2019.04.20"]
[Round "5.13"]
[White "Yrjola, Jouni"]
[Black "Hjartarson, Johann"]
[Result "1/2-1/2"]
[WhiteElo "2327"]
[BlackElo "2520"]
[Annotator "ChessBase"]
[PlyCount "45"]
[EventDate "2019.04.16"]
[EventType "team-tourn"]
[EventCountry "GRE"]
[SourceTitle "playchess.com"]
[Source "ChessBase"]
[SourceQuality "1"]
[WhiteTeam "Finland"]
[BlackTeam "Iceland"]
[WhiteTeamCountry "FIN"]
[BlackTeamCountry "ISL"]
[TimeControl "40/5400+30:1800+30"]

1. c4 {[%emt 0:00:00]} g6 {[%emt 0:00:07]} 2. d4 {[%emt 0:00:31]} Bg7 {[%emt 0:00:07]} 3. Nf3 {[%emt 0:01:30]} Nf6 {[%emt 0:00:10]} 4. g3 {[%emt 0:00:21]} d5 {[%emt 0:00:17]} 5. cxd5 {[%emt 0:00:26]} Nxd5 {[%emt 0:00:08]} 6. Bg2 {[%emt 0:00:08]} Nb6 {[%emt 0:00:10]} 7. Nc3 {[%emt 0:00:58]} Nc6 {[%emt 0:00:14]} 8. e3 {[%emt 0:00:14]} O-O {[%emt 0:00:11]} 9. O-O {[%emt 0:00:06]} Re8 {[%emt 0:00:30]} 10. a3 {[%emt 0:02:25]} Be6 {[%emt 0:16:35]} 11. Nd2 {[%emt 0:08:36]} a5 {[%emt 0:08:19]} 12. Nb3 {[%emt 0:25:04]} Bc4 {[%emt 0:04:21]} 13. Nc5 {[%emt 0:25:40]} Bxf1 {[%emt 0:03:15]} 14. Nxb7 {[%emt 0:00:33]} Qc8 {[%emt 0:01:06]} 15. Qxf1 {[%emt 0:07:17]} Qxb7 {[%emt 0:17:47]} 16. Qb5 {[%emt 0:00:14]} Nxd4 {[%emt 0:01:00]} 17. exd4 {[%emt 0:01:11]} Qc8 {[%emt 0:04:07]} 18. Bxa8 {[%emt 0:00:41]} Qxa8 {[%emt 0:00:07]} 19. Bf4 {[%emt 0:02:13]} Rc8 {[%emt 0:08:22]} 20. Be5 {[%emt 0:03:02]} e6 {[%emt 0:00:58]} 21. Rc1 {[%emt 0:02:18]} h5 {[%emt 0:06:37]} 22. Bxg7 {[%emt 0:00:56]} Kxg7 {[%emt 0:00:04]} 23. Qf5 {[%emt 0:03:35]} 1/2-1/2

[Event "World Senior chT-50 2019"]
[Site "Rhodes"]
[Date "2019.04.20"]
[Round "5.14"]
[White "Petursson, Margeir"]
[Black "Viljava, Tapani"]
[Result "1-0"]
[WhiteElo "2492"]
[BlackElo "2159"]
[Annotator "TA"]
[PlyCount "63"]
[EventDate "2019.04.16"]
[EventType "team-tourn"]
[EventCountry "GRE"]
[SourceTitle "playchess.com"]
[Source "ChessBase"]
[SourceQuality "1"]
[WhiteTeam "Iceland"]
[BlackTeam "Finland"]
[WhiteTeamCountry "ISL"]
[BlackTeamCountry "FIN"]

{[%evp 12,63,27,7,10,14,16,6,19,7,12,1,7,3,11,0,10,0,0,-15,43,0,2,0,8,0,3,6,35,25,29,4,9,0,0,0,0,0,0,-23,-14,-28,14,14,21,-25,-29,-80,180,176,172,164,2332,2354]} 1. d4 d6 2. c4 e5 3. Nf3 e4 4. Ng5 f5 5. Nc3 Be7 6. Nh3 Nf6 7. Bg5 O-O {A21: English Opening: 1...e5 2 Nc3} (7... c6 8. e3 Nbd7 9. Nf4 Nf8 10. h4 Ne6 11. Be2 Nxf4 12. Bxf4 Be6 13. d5 Bf7 14. Qd2 O-O 15. Rd1 cxd5 16. cxd5 {0-1 (43) Rakhmanov,A (2667)-Vitiugov,N (2726) Tallinn 2016}) 8. e3 c6 9. Nf4 Na6 {The position is equal.} 10. Be2 Nc7 11. h4 Ne6 12. d5 Nxf4 13. Bxf4 c5 14. Qd2 $146 ({Predecessor:} 14. Qc2 a6 15. h5 Bd7 16. a4 {0-1 (73) Lutsko,I (2346)-Markowski,T (2592) Bydgoszcz 2001}) 14... Bd7 15. h5 Ne8 (15... h6 $11) 16. g4 Bg5 $1 17. Bg3 Qe7 18. Qc2 Nf6 19. gxf5 Rae8 20. O-O-O a6 21. Rdg1 {[#] Strongly threatening h6!} h6 22. Qb3 {Qb6 is the strong threat.} Bxf5 23. Qb6 Rd8 24. Kb1 Nh7 25. Bd1 Bf6 26. Ne2 {[%cal Bc3e2,Be2f4,Bf4g6][%mdl 32]} Bg4 27. Nf4 $36 {[%mdl 2048] Black is under pressure.} Bf5 $1 28. Bh2 Ng5 29. Bg4 (29. Kc1 $11) 29... Be5 $2 {[%mdl 8192] [#]} (29... Bxg4 $17 {keeps the pressure on.} 30. Rxg4 Qd7) 30. Bxf5 $18 Rxf5 31. Ng6 Qf7 $2 (31... Qd7) 32. Qxd8+ {Accuracy: White = 27%, Black = 57%.} 1-0

[Event "World Senior chT-50 2019"]
[Site "Rhodes"]
[Date "2019.04.20"]
[Round "5.15"]
[White "Salonen, Jyrki"]
[Black "Arnason, Jon L"]
[Result "0-1"]
[WhiteElo "2162"]
[BlackElo "2423"]
[Annotator "NA"]
[PlyCount "54"]
[EventDate "2019.04.16"]
[EventType "team-tourn"]
[EventCountry "GRE"]
[SourceTitle "playchess.com"]
[Source "ChessBase"]
[SourceQuality "1"]
[WhiteTeam "Finland"]
[BlackTeam "Iceland"]
[WhiteTeamCountry "FIN"]
[BlackTeamCountry "ISL"]
[TimeControl "40/5400+30:1800+30"]

1. e4 {[%emt 0:00:00]} c5 {[%emt 0:00:00]} 2. g3 {[%emt 0:00:03]} Nc6 {[%emt 0:01:10]} 3. d3 {[%emt 0:00:27]} g6 {[%emt 0:00:50]} 4. Bg2 {[%emt 0:00:19]} Bg7 {[%emt 0:00:05]} 5. f4 {[%emt 0:00:40]} d6 {[%emt 0:00:27]} 6. Nf3 {[%emt 0:00:26]} e6 {[%emt 0:01:38]} 7. O-O {[%emt 0:00:21]} Nge7 {[%emt 0:00:04]} 8. c3 {[%emt 0:00:49]} O-O {[%emt 0:01:23]} 9. Be3 {[%emt 0:00:37]} b6 {[%emt 0:06:26]} 10. Bf2 {[%emt 0:03:16]} a5 {[%emt 0:11:59]} 11. d4 {[%emt 0:10:38]} Ba6 {[%emt 0:04:26]} 12. Re1 {[%emt 0:00:12]} cxd4 {[%emt 0:00:30]} 13. cxd4 {[%emt 0:01:30]} Nb4 {[%emt 0:02:37]} 14. Bf1 {[%emt 0:01:36]} Qc8 $11 {[%emt 0:07:49]} 15. Nc3 {[%emt 0:08:05]} Bxf1 {[%emt 0:01:15]} 16. Kxf1 {[%emt 0:04:20]} Qa6+ {[%emt 0:00:53]} 17. Kg2 {[%emt 0:02:37]} Rfc8 {[%emt 0:01:41]} 18. Qe2 {[%emt 0:08:35]} Nd3 {[%emt 0:01:03]} 19. Red1 {[%emt 0:18:01]} Rxc3 {[%emt 0:00:15]} 20. Rd2 {[%emt 0:00:22]} Rc1 {[%emt 0:09:57]} 21. Rxc1 {[%emt 0:03:09]} Nxc1 {[%emt 0:00:37]} 22. Qxa6 {[%emt 0:00:13]} Rxa6 {[%emt 0:00:04]} 23. b3 {[%emt 0:00:55]} b5 {[%emt 0:02:42]} 24. Ne1 {[%emt 0:01:06]} b4 {[%emt 0:01:36]} 25. Be3 {[%emt 0:01:06]} a4 {[%emt 0:02:14]} 26. Rc2 {[%emt 0:05:46]} axb3 {[%emt 0:01:11]} 27. Rxc1 {[%emt 0:00:10]} bxa2 {[%emt 0:00:23]} 0-1